000 00481nam a2200181Ia 4500
008 151018s9999 xx 000 0 und d
082 _bRBASDV1240
_a891.463
100 _aग य चिटणीस
245 _aकुसुम
250 _b1
260 _bश ल चिटणीस
_c1947
300 _a158
600 _aग य चिटणीस
630 _aकुसुम
700 _aग य चिटणीस
730 _aकुसुम
942 _cBOOK
999 _c1003706
_d1003703